000 01383nam a2200325 a 4500
001 ebr10540826
003 CaPaEBR
006 m u
007 cr cn|||||||||
008 120328s2012 enkacf sb 001 0 eng d
020 _z9781848854314
020 _z9780857720702 (e-book)
040 _aCaPaEBR
_cCaPaEBR
035 _a(OCoLC)780445019
043 _ae-fr---
_ae-uk---
050 1 4 _aDC397
_b.M36 2012eb
100 1 _aMangold, Peter.
245 1 0 _aBritain and the defeated French
_h[electronic resource] :
_bfrom occupation to liberation, 1940-1944 /
_cPeter Mangold.
260 _aLondon :
_bI.B.Tauris,
_c2012.
300 _aviii, 315 p., [9] p. of plates :
_bill., ports.
504 _aIncludes bibliographical references and index.
505 0 _apt. 1. Hitler's Diktat -- pt. 2. 'Somewhat difficult people'.
533 _aElectronic reproduction.
_bPalo Alto, Calif. :
_cebrary,
_d2011.
_nAvailable via World Wide Web.
_nAccess may be limited to ebrary affiliated libraries.
651 0 _aFrance
_xHistory
_yGerman occupation, 1940-1945.
651 0 _aGreat Britain
_xForeign relations
_y1936-1945.
651 0 _aGreat Britain
_xForeign relations
_zFrance.
655 7 _aElectronic books.
_2local
710 2 _aebrary, Inc.
856 4 0 _uhttp://site.ebrary.com/lib/rucke/Doc?id=10540826
_zAn electronic book accessible through the World Wide Web; click to view
999 _c246102
_d246102